000 00828cab a2200253 4500
001 ABS56919
008 090401t1997 xxu||||| |||| 00| 0 eng d
035 _a(Sirsi) u77826
041 _aeng
100 _aLister, M.
245 _aValuation reports still failing to provide enough detail
260 _c1997
350 _a0
490 _aProperty Finance & Development
_v9(3) March 1997, 5-6(2)
520 _aReports on the Association of Property Bankers (APB) concerns about how the RICS Red Book has not been effective in improving the quality of valuation reports.
650 _aASSOCIATION OF PROPERTY BANKERS
650 _aRICS APPRAISAL AND VALUATION MANUAL
650 _aRICS
650 _aVALUATION REPORTS
650 _aVALUERS
690 _aRATING AND VALUATION
942 _n0
948 _c21/04/1997
999 _c48932
_d48932